Ján Mančuška: first inventory

Bibliographic Details
Main Authors: Mančuška, Ján, 1972-2011 (Author), Chu, Ingrid (Author), Císař, Karel, 1972- (Author)
Other Authors: Havránek, Vít, 1971- (Editor)
Format: Book
Language:English
Czech
PhysicalDescription:440 s. fotogr., ilustr., plány, portréty 27 cm
Published: Praha Galerie hlavního města Prahy JRP/Ringier 2015
ISBN:9783037644430
9788087259320
Edition:1st ed.
Series:Tranzit
Subjects:

MARC

LEADER 00000cam a2200000 a 4500
001 vtls010859535
003 SK-MaSNL
005 20260425223402.0
008 200318s2015 xr aoecg cn 000 0deng
015 |a SNBZSA2015 
020 |a 9783037644430  |q (JRP/Ringier : brož.) 
020 |a 9788087259320  |q (tranzit.cz) 
035 |a urn:nbn:sk:snk-am0094bx 
035 |a urn:nbn:sk:snk-am3hbde 
035 |a 0E6E7193-304F-44C9-9C44-7AFAA19335D3 
040 |a SNK  |b slo  |c SNK  |e AACR2 
041 0 |a eng  |a cze 
043 |a e-xr--- 
044 |a xr  |c CZ 
072 7 |a 72/76  |x Výtvarné umenie  |2 konspekt 
080 |a 72/76(437.3)  |2 2001 
080 |a 7.038.53  |2 2001 
080 |a (437.3)  |2 2001 
080 |a (083.824)  |2 2001 
080 |a (084.12)  |2 2001 
100 1 |a Mančuška, Ján,  |d 1972-2011  |4 aut  |4 art  |9 27127 
245 1 0 |a Ján Mančuška: first inventory  |c [authors: Ingrid Chu, Karel Císař ... [et al.] ; [editor: Vít Havránek] 
246 3 0 |a First inventory 
246 3 1 |a Ján Mančuška: První inventura 
250 |a 1st ed. 
260 |a Praha  |b Galerie hlavního města Prahy  |b JRP/Ringier  |c 2015 
300 |a 440 s.  |b fotogr., ilustr., plány, portréty  |c 27 cm 
490 1 |a Tranzit series ;  |v sv. 11 
504 |a Bibliogr. odkazy 
546 |a Súbežný názov a text čes. 
600 1 7 |a Mančuška, Ján,  |d 1972-2011  |2 SNKMA  |9 27127 
648 7 |a 1992-2011  |2 SNKPH  |9 338281 
648 7 |a 20.-21. stor.  |2 SNKPH  |9 270701 
648 7 |a 20th-21st century  |2 SNKPHeng  |9 338108 
650 0 7 |a české výtvarné umenie  |2 SNKPH  |9 68920 
650 0 7 |a Czech art  |2 SNKPHeng  |9 330035 
650 0 7 |a multimediálne umenie  |2 SNKPH  |9 2877 
650 0 7 |a Multimedia (Art)  |2 SNKPHeng  |9 259263 
651 7 |a Česko  |2 SNKPH  |9 16753 
651 7 |a Czechia  |2 SNKPHeng  |9 170107 
655 7 |a katalógy výstav  |2 SNKPH  |9 70445 
655 7 |a Exhibition catalogs  |2 SNKPHeng  |9 266232 
655 7 |a fotografické publikácie  |2 SNKPH  |9 70483 
655 7 |a Photographical works  |2 SNKPHeng  |9 278887 
700 1 |a Chu, Ingrid  |4 aut  |9 338282 
700 1 |a Císař, Karel,  |d 1972-  |4 aut  |9 109722 
700 1 |a Havránek, Vít,  |d 1971-  |4 edt  |9 101245 
830 0 |a Tranzit  |9 338279 
919 |a 978-3-03764-443-0 
919 |a 978-80-87259-32-0 
958 |a ZS 
958 |a NB 
958 |a CZ 
958 |a BX 
958 |a TL 
999 |c 584311  |d 586241 
952 |a SNK  |b SNK  |y PREZ  |7 0  |p 17A1169431  |o snkSB 88762  |i snk2015/24345  |8 4  |g 32.93  |0 0  |1 0  |4 0  |d 2015-08-11  |f 1  |l 0  |r 2025-05-09 00:00:00  |w 2026-02-23